Malaysia Standard Classification of Occupations (MASCO) : (Record no. 24284)
[ view plain ]
| 000 -LEADER | |
|---|---|
| fixed length control field | 01254nam a22002657a 4500 |
| 003 - CONTROL NUMBER IDENTIFIER | |
| control field | HDC |
| 005 - DATE AND TIME OF LATEST TRANSACTION | |
| control field | 20231229123422.0 |
| 008 - FIXED-LENGTH DATA ELEMENTS--GENERAL INFORMATION | |
| fixed length control field | 230901b |||||||| |||| 00| 0 may d |
| 020 ## - INTERNATIONAL STANDARD BOOK NUMBER | |
| International Standard Book Number | 9789675236556 |
| 040 ## - CATALOGING SOURCE | |
| Original cataloging agency | HDC |
| Transcribing agency | HDC |
| 050 ## - LIBRARY OF CONGRESS CALL NUMBER | |
| Classification number | HB2734.6 M35 2013 |
| 110 1# - MAIN ENTRY--CORPORATE NAME | |
| Corporate name or jurisdiction name as entry element | Malaysia |
| 245 ## - TITLE STATEMENT | |
| Title | Malaysia Standard Classification of Occupations (MASCO) : |
| Remainder of title | Piawaian Pengelasan Pekerjaaan Malaysia 2013 |
| 260 ## - PUBLICATION, DISTRIBUTION, ETC. | |
| Place of publication, distribution, etc. | Putrajaya, Malaysia: |
| Name of publisher, distributor, etc. | Kementeriaan Sumber Manusia, |
| Date of publication, distribution, etc. | c2013 |
| 300 ## - PHYSICAL DESCRIPTION | |
| Extent | 633 p.: |
| Other physical details | ill. (some col.); |
| Dimensions | 30cm. |
| 336 ## - CONTENT TYPE | |
| Source | rdacontent |
| Content type term | text |
| Content type code | txt |
| 337 ## - MEDIA TYPE | |
| Source | rdamedia |
| Media type term | unmediated |
| Media type code | n |
| 338 ## - CARRIER TYPE | |
| Source | rdacarrier |
| Carrier type term | volume |
| Carrier type code | nc |
| 504 ## - BIBLIOGRAPHY, ETC. NOTE | |
| Bibliography, etc. note | Includes bibliographical references (p. 632-633) |
| 505 ## - FORMATTED CONTENTS NOTE | |
| Formatted contents note | 1. Perutusan yang berhormat menteri -- 2. Prakata ketua setiauasaha -- 3. Penghargaan -- 4. Pengenalan -- 5. Dasar dan prinsip pengelasan -- 6. Struktur pengelasan -- 7. Nota mengenai beberapa pekerjaan tertentu -- 8. Cabaran-cabaran dalam pembangunan MASCO 2013 |
| 650 ## - SUBJECT ADDED ENTRY--TOPICAL TERM | |
| Topical term or geographic name entry element | Occupations |
| General subdivision | Classification |
| -- | Dictionaries |
| Geographic subdivision | Malaysia |
| 650 ## - SUBJECT ADDED ENTRY--TOPICAL TERM | |
| Topical term or geographic name entry element | Job analysis |
| General subdivision | Dictionaries |
| Geographic subdivision | Malaysia |
| 710 ## - ADDED ENTRY--CORPORATE NAME | |
| Corporate name or jurisdiction name as entry element | Malaysia. |
| Subordinate unit | Kementerian Sumber Manusia. |
| -- | Bahagian Dasar Sumber Manusia, |
| Relator term | issuing body. |
| 942 ## - ADDED ENTRY ELEMENTS (KOHA) | |
| Source of classification or shelving scheme | Library of Congress Classification |
| Koha item type | Book |
| Call number prefix | HB2734.6 |
| Call number suffix | .M35 2013 |
| Suppress in OPAC | No |
| Withdrawn status | Lost status | Source of classification or shelving scheme | Damaged status | Not for loan | Collection | Home library | Current library | Shelving location | Date acquired | Total checkouts | Full call number | Barcode | Date last seen | Price effective from | Koha item type |
|---|---|---|---|---|---|---|---|---|---|---|---|---|---|---|---|
| Library of Congress Classification | Non-fiction | Halal Development Corporation Library | Halal Development Corporation Library | Open Shelves | 01/09/2023 | HB2734.6.M35 2013 | HDC0001733 | 01/09/2023 | 01/09/2023 | Book |
